| 000 | 01369cam a22003975i 4500 | ||
|---|---|---|---|
| 001 | 18288400 | ||
| 005 | 20140929141746.0 | ||
| 008 | 140903t20142014caua b 001 0 eng d | ||
| 010 | _a 2012276743 | ||
| 015 |
_aGBB3B3752 _2bnb |
||
| 016 | 7 |
_a016564673 _2Uk |
|
| 020 | _a9781452268415 (pbk.) | ||
| 020 | _a145226841X (pbk.) | ||
| 035 | _a(OCoLC)ocn865491856 | ||
| 040 |
_aUKMGB _beng _cUKMGB _erda _dCDX _dBTCTA _dBDX _dYDXCP _dZHC _dOCLCF _dDLC |
||
| 042 | _alccopycat | ||
| 050 |
_aLB 1025.3 _b.St885 2014 |
||
| 082 | 0 | 4 | _a371.93 |
| 100 | 1 |
_aStormont, Melissa, _eauthor. |
|
| 245 | 1 | 0 |
_aSimple strategies for teaching children at risk, K-5 / _cMelissa A. Stormont, Cathy Newman Thomas. |
| 260 |
_aLondon : _bSAGE Publication Ltd., _cc2014. |
||
| 263 | _a201402 | ||
| 300 |
_aix, 114 pages : _btables ; _c26 cm. |
||
| 504 | _aIncludes bibliographical references (pages 105-110) and index. | ||
| 521 | _aEducation | ||
| 650 | 0 |
_aProblem children _xEducation. |
|
| 650 | 0 | _aEffective teaching. | |
| 650 | 0 | _aEducation, Elementary. | |
| 650 | 7 |
_aEducation, Elementary. _2fast |
|
| 650 | 7 |
_aEffective teaching. _2fast |
|
| 650 | 7 |
_aProblem children _xEducation. _2fast |
|
| 700 | 1 |
_aThomas, Cathy Newman, _d1957- _eauthor. |
|
| 906 |
_a0 _bibc _ccopycat _d2 _encip _f20 _gy-gencatlg |
||
| 942 |
_2lcc _cBK _kFOR |
||
| 999 |
_c275937 _d275937 |
||